Statystyki dla Quiz o Salwadorze

Kliknij tutaj aby rozwiązać quiz!

Ogólne statystyki

  • Ten quiz został rozwiązany 166 razy
  • Średni wynik to 10 z 17

Statystyki odpowiedzi

WskazókaOdpowiedź% Poprawnych
Oficjalny językhiszpański
99%
Państwa granicząceHonduras
96%
Państwa granicząceGwatemala
93%
W tym obcym państwie mieszka około 2,3 miliona SalwadorczykówStany Zjednoczone
90%
Salwador jest jedynym państwem Ameryki
Środkowej, który nie graniczy z tym morzem
Morze {Karaibskie}
88%
StolicaSan Salvador
85%
"Salwador” oznacza "Zbawiciela”. Jakiej osoby to dotyczy?Jezusa
69%
Jedyne państwo, które odnotowało więcej zgonów
z powodu erupcji wulkanów niż Salwador od 141 rpne
Indonezja
67%
Salwador ma najwyższy wskaźnik ______ na świecie,
61,8 na 100 000 ludzi rocznie
Morderstw
66%
Krótka wojna stoczona w 1969 roku z sąsiadującym krajem #2Wojna {futbolowa}
55%
WalutaDolar amerykański
47%
Salwador stracił 85% swoich _____ od lat ostatnich 60Lasów
39%
Zatoka granicząca z Salwadorem na wschodzieZatoka {Fonseca}
31%
Sześć z ośmiu gatunków tego zwierzęcia mieszka w Salwadorze,
wliczając skórzastego
{Żółw} {morski}
31%
Drugie najludniejsze miastoSanta Ana
29%
Region historyczno-kulturowy, którego częścią jest SalwadorMezoameryka
27%
Narodowe danie Salwadoru, nadziewana tortillaPupusa
25%

Rozkład punktacji

Percentyl według liczby udzielonych odpowiedzi

Procent ludzi z każdym wynikiem

Twoja historia wyników

Nie rozwiązałeś tego quizu